000 00618cam a2200217 4500500
005 20260405003343.0
041 _afre
042 _adc
100 1 0 _aEnjalbert, Cédric
_eauthor
245 0 0 _a“Serre-moi fort” : à perte de vie
260 _c2021.
500 _a57
690 _aAbandon
690 _aCinéma
690 _aFilm
690 _aFuite
690 _aPerte
690 _aVincent Delecroix
786 0 _nPhilosophie magazine | 152 | 9 | 2021-09-01 | p. 85-85 | 1951-1787
856 4 1 _uhttps://shs.cairn.info/magazine-philosophie-magazine-2021-9-page-85?lang=fr&redirect-ssocas=7080
999 _c2066778
_d2066778